000 01004nam a22002537a 4500
001 45678
003 UA-OsUOA
005 20211013101125.0
007 ta
008 20070508b un ||||| |||| 00| 0 ukr d
020 _a966860229
040 _aUA-OsUOA
_bukr
_cUA-OsUOA
_dUA-OsUOA
041 _aukr
080 _a340.132.2(477)
090 _a340.132.2(477)
_bІ-74
245 _aІнформаційне законодавство. Міжнародні угоди України в інформаційній сфері
_bзбірник законодавчих актів у 6 томах
_cза ред. Ю. С. Шемшученка, І. С. Чижа
260 _aК.
_bЮридична думка
_c2005
300 _a160 с.
505 _gТ. 6
650 7 _a340 Право в цілому. Пропедевтика. Методи та допоміжні правничі науки
_2UDC
942 _cBK
_2udc
955 _a2
999 _c331773
_d331773